Súčasné problémy teoretického priestorového ekonomického myslenia a jeho odraz v reálnych ekonomických procesoch kandidátska dizertačná práca

Saved in:
Bibliographic Details
Main Author: Staneková, Eva
Corporate Author: Vysoká škola ekonomická v Bratislave. Národohospodárska fakulta
Other Authors: Přívara, Jan
Format: Book
Language:Slovak
Published: Bratislava 1980
Tags: Add Tag
No Tags, Be the first to tag this record!

MARC

LEADER 00000nam a2200000 4500
001 c035600
005 20230116085321.5
041 0 |a slo 
044 |a SK 
245 1 0 |a Súčasné problémy teoretického priestorového ekonomického myslenia a jeho odraz v reálnych ekonomických procesoch  |b kandidátska dizertačná práca  |c Eva Staneková ; ved. práce Ján Přívara 
264 1 |a Bratislava  |c 1980 
300 |a 197 s. 
100 1 |a Staneková, Eva 
700 1 |a Přívara, Jan 
710 2 |a Vysoká škola ekonomická v Bratislave. Národohospodárska fakulta